000
00401nam a2200133Ia 4500
008
100328s9999 xx 000 0 und d
082
_b
23107
100
_a
आठवले शंकर कृष्ण
245
_a
मदन मंदिर
260
_b
मोहनजी शेठ हिरजी
630
_a
मदन मंदिर
730
_a
मदन मंदिर
942
_c
BOOK
999
_c
516882
_d
516879